| 000 | 01183cam a2200277 i 4500 | ||
|---|---|---|---|
| 003 | SA-RiAUC | ||
| 005 | 20260104131951.0 | ||
| 008 | 251130s1995 su a g f000r0 ara c | ||
| 040 |
_aSA-JeALM _bara _cSA-RiAUC _erda |
||
| 043 | _aa-su--- | ||
| 082 | 0 | 4 | _a711.70953122 |
| 090 |
_a711.70953122 _bا م ا |
||
| 110 | 2 |
_aأمانة المدينة المنورة _eمؤلف. |
|
| 245 | 1 | 0 |
_aإنجازات وأرقام / _bوزارة الشئون البلدية والقروية، أمانة المدينة المنورة. |
| 250 | _bالاصدار الثاني | ||
| 264 | 1 |
_aالمدينة المنورة : _bأمانة المدينة المنورة، _c1995 |
|
| 300 |
_a185 صفحة : _bإيضاحيات ؛ _c28 سم |
||
| 336 |
_aنص _btxt _2rdacontent _3كتاب |
||
| 337 |
_aبدون وسيط _bn _2rdamedia |
||
| 338 |
_aمجلد _bnc _2rdacarrier |
||
| 610 | 1 | 7 |
_aالسعودية. _bوزارة الشؤون البلدية والقروية _vإحصاءات _2aucnm |
| 650 | 7 |
_aتخطيط المدن _zالمدينة المنورة _2aucsh |
|
| 651 | 7 |
_aالمدينة المنورة _xتاريخ _2aucsh |
|
| 942 |
_2ddc _cBOOK _n0 |
||
| 949 |
_aSA-JeALM _d251130 _uosman123 _n1 |
||
| 999 |
_c13876 _d13876 |
||